00374nam a2200145Ia 4500008004100000020001500041041000800056082001700064100002300081245005300104250000600157260004500163300001100208650000900219210716s2007 xx 000 0 und d a0470043938 aeng a658.802 BOBS aBob; Negen, Susan. aMarketing your retail store in the internet age. a1 aNew JerseybJohn Willy & Sons,Inc.c2007 aix,246 aNone